| 000 | 00556nam a2200193Ia 4500 | ||
|---|---|---|---|
| 008 | 140429s9999 xx 000 0 und d | ||
| 020 | _a9780745650951 | ||
| 050 |
_aJZ 1315 _b.L447 2012 |
||
| 100 | _aLawson, Stephanie | ||
| 245 |
_aInternational relations / _cStephanie Lawson. |
||
| 250 | _a2nd ed. | ||
| 260 |
_aUnited Kingdom : _bPolity Press, _cc2012. |
||
| 300 |
_a191 p. : _c23 cm. |
||
| 500 | _aIncludes bibliographical references and index. | ||
| 521 | _aBSBA | ||
| 650 | _aInternational relations. | ||
| 942 |
_kFOR _cBK |
||
| 999 |
_c115735 _d115735 |
||